000 01470nam a2200433 c 4500
999 _c49793
_d49793
001 49793
003 ES-MaCES
005 20170803135639.0
008 170802s2017 sp 000 | spa d
017 _aMU 239-2017
_bDL
020 _a9788494659560
040 _aES-MaCES
_bspa
_cES-MaCES
100 1 _aCamós Victoria, Ignacio
_98822
245 1 3 _aLa reforma de los sistemas de pensiones en Europa
_b: los sistemas de pensiones de Países Bajos, Dinamarca, Suecia, Reino Unido, Italia, Francia y Alemania vistos desde España
_cIgnacio Camós Victoria, Carlos García de Cortázar, Borja Suárez Corujo
250 _a1ª ed
260 _aMurcia
_bLaborum
_c2017
300 _a203 p.
_c24 cm
504 _aBibliografía: p. 197-203
541 _cCompra
650 4 _arégimen de pensión
_927042
650 4 _aseguridad social
_927034
650 4 _areforma de la seguridad social
_930668
650 4 _alegislación de seguridad social
_929855
650 4 _aUE
_926752
650 4 _apaís de la UE
_929020
650 4 _aPaíses Bajos
_926957
650 4 _aDinamarca
_926938
650 4 _aSuecia
_926965
650 4 _aReino Unido
_926967
650 4 _aItalia
_926952
650 4 _aFrancia
_926943
650 4 _aAlemania
_926944
650 4 _aEspaña
_926964
653 1 0 _aSeguridad Social
700 1 _912837
_aGarcía de Cortázar y Nebreda, Carlos
700 1 _924526
_aSuárez Corujo, Borja
902 _aLIB Libro
942 _2CES
_cBK
_h3.0.